| Поле | Инд. | ПП | Название | Значение |
|---|---|---|---|---|
| Тип записи | m | |||
| Библиографический уровень | m | |||
| 001 | Контрольный номер | e6a8202839a4422884c680157a098f07 | ||
| 005 | Дата корректировки | 20230130155217.4 | ||
| 008 | Кодируемые данные | 150216|||||||||ru |||||||||||||||||rus|| | ||
| 040 | b | Код языка каталог. | rus | |
| 041 | 0_ | a | Код языка текста | rus |
| 084 | a | Индекс другой классификации/Индекс ББК | 26.22+28.082+20.1 | |
| 090 | x | Авторский знак | Д 21 | |
| 100 | 1_ | a | Автор | Даувальтер В. А. |
| 110 | 2_ | a | Организация/ юрисдикция | Мурманский государственный технический университет |
| 245 | 10 | a | Заглавие | Геоэкология озер Мурманской области |
| b | Продолж. заглавия | [монография. В 3 ч.] | ||
| c | Ответственность | Федер. агентство по рыболовству, Мурман. гос. техн. ун-т ; ФГБУН Ин-т проблем пром. экологии Севера КНЦ РАН | ||
| n | Номер части/ раздела | Ч. 2. Гидрохимия водоемов | ||
| h | Физич. носитель | Электронный ресурс | ||
| 256 | a | Характеристики компьютерного файла | Электрон. текстовые дан. (1 файл : 2,4 Мб) | |
| 260 | a | Место издания | Мурманск | |
| b | Издательство | Изд-во МГТУ | ||
| c | Дата издания | 2014 | ||
| 500 | a | Примечание | Доступ из локальной сети Мурман. гос. техн. ун-та. - Загл. с экрана. - Имеется печ. аналог 2014 г. | |
| 583 | x | Служебное примечание | Полнотекстовые документы | |
| x | Служебное примечание | Труды преподавателей МГТУ | ||
| x | Служебное примечание | Краеведческий каталог | ||
| 651 | _4 | a | Географическое наименование | Мурманская область |
| 653 | 0_ | a | Ключевые слова | Водоемы Мурманской области; Воды природные; Воды подземные; Выбросы загрязняющих веществ; Геоэкология озер; Гидрохимия водоемов; Гидрохимия озер; Загрязнение водных объектов; Загрязнение озер; Загрязнение окружающей среды; Загрязнения антропогенные; Загрязнения промышленные; Исследования геоэкологические; Качество воды; Монографии; Поверхностные воды; Техногенные загрязнения водоемов; Труды преподавателей МГТУ; Химический состав озерных вод; Экология Мурманской области; Электронные версии |
| 700 | 1_ | a | Другие авторы | Кашулин Н. А. |
| 856 | 40 | u | URL | https://elib.mauniver.ru/2014/MN_14_3.pdf |
| 901 | t | Тип документа | m | |
| 952 | c | Вид литературы | монография |